100 Biggest Cities of Indonesia on a Map - Statistics

General Stats
  • This quiz has been taken 172 times
  • The average score is 26 of 100
Answers on the Map
Answers color-coded by a green-red scale on the quiz's map according to % correct below.
 
Answer Stats
Population City % Correct
9,586,705 Jakarta
96%
2,765,487 Surabaya
92%
2,097,610 Medan
88%
2,394,873 Bandung
87%
788,589 Denpasar
79%
1,331,391 Makassar
79%
1,440,678 Palembang
73%
1,520,481 Semarang
67%
388,627 Yogyakarta
64%
799,750 Padang
60%
917,998 Batam
58%
873,007 Bandar Lampung
57%
223,446 Banda Aceh
55%
820,243 Malang
54%
2,334,871 Bekasi
53%
499,337 Surakarta
52%
1,738,570 | 181,490 Depok
51%
1,798,601 Tangerang
51%
882,045 Pekanbaru
48%
685,859 Samarinda
47%
515,901 Jambi
46%
554,764 Pontianak
46%
233,859 Jayapura
45%
305,984 Ambon
44%
296,389 Cirebon
43%
1,290,322 South Tangerang
43%
526,508 Balikpapan
42%
950,334 Bogor
41%
612,849 Banjarmasin
40%
394,683 Manado
37%
315,768 Kupang
36%
310,168 Palu
36%
428,484 Serang
36%
173,951 Gorontalo
34%
296,378 Bengkulu
31%
402,843 Mataram
29%
264,673 Kendari
27%
158,418 Ternate
27%
360,125 Cilegon
23%
298,681 Sukabumi
21%
178,854 Tarakan
21%
578,046 Tasikmalaya
21%
177,396 Tanjung Pinang
20%
541,177 Cimahi
19%
200,608 Palangka Raya
19%
192,309 Banjarbaru
18%
162,930 Pangkal Pinang
17%
245,615 Karawang
16%
196,957 Probolinggo
16%
268,507 Kediri
15%
173,866 Dumai
14%
155,385 Bitung
13%
234,698 Pematangsiantar
13%
233,951 Purwokerto
13%
239,599 Tegal
13%
235,450 Binjai
12%
712,111 Cikarang
12%
305,576 Jember
12%
170,964 Madiun
12%
170,948 Batu
11%
274,839 Pekalongan
11%
170,332 Salatiga
11%
233,012 Cilacap
10%
193,469 Sidoarjo
10%
154,445 Tanjungbalai
10%
145,248 Tebing Tinggi
10%
150,056 Cianjur
9%
183,567 Duri
9%
158,824 Lubuklinggau
9%
186,262 Pasuruan
9%
165,447 Purwakarta
9%
326,519 Cibinong
7%
246,369 Cileungsi
7%
340,844 Percut Sei Tuan
7%
159,794 Cileunyi
6%
147,087 Pemalang
6%
528,839 Tambun
6%
236,486 Bojonggede
5%
309,918 Gunung Putri
5%
150,342 Majalaya
5%
147,797 Padalarang
5%
178,687 Tanjung Morawa
5%
228,818 Waru
5%
147,543 Rancaekek
4%
235,241 Sunggal
4%
169,383 Tarogong
4%
220,762 Baleendah
3%
185,284 Cibitung
3%
220,032 Cikupa
3%
165,812 Curug
3%
178,035 Kelapa Dua
3%
227,634 Pasarkemis
3%
162,293 Sukaraja
3%
213,224 Taman
3%
173,295 Babelan
2%
149,167 Ciomas
2%
186,333 Citeureup
2%
145,215 Klari
2%
147,407 Sepatan
2%
No matching quizzes found
Score Distribution
Percent of People with Each Score
Percentile by Number Answered
Your Score History
You have not taken this quiz